00787 2200277 4500001002100000005001500021035002000036007000300056008004100059020001500100082001000115084002000125084002000145084002000165084002000185100002400205245005800229260003900287300003900326500007900365650001300444990001300457990001300470990001300483990001300496INLIS00000000000924720230622031358 a0010-0623000041ta230622 d 0 ind  a9795187570 a297.6 a297.6 INU a C.1 a297.6 INU a C.2 a297.6 INU a C.3 a297.6 INU a C.40 aInu Kencana Syafiie1 aAl-Quran Dan Ilmu Administrasi /cInu Kencana Syafiie aJakarta :bPT. Rineka Cipta,c2020 a216 Hlm. :bill ;c14,5 x 20,5 cm. aPara ilmuwan Eropa menganggap ilmu pemerintahan berasal dari ilmu politik, 4aAl-Quran a022.2335 a022.2336 a022.2337 a022.2338